|
|
|
|
| LEADER |
09298nam a22006378i 4500 |
| 001 |
43869 |
| 003 |
BD-DhAAL |
| 005 |
20241229093825.0 |
| 008 |
241224r20252022ii b 001 0 eng d |
| 010 |
|
|
|a 2018042240
|
| 020 |
|
|
|a 9789353949297
|
| 020 |
|
|
|a 9780135159552 (hardcover : alk. paper)
|
| 040 |
|
|
|a DLC
|b eng
|e rda
|c DLC
|d BD-DhAAL
|
| 042 |
|
|
|a pcc
|
| 050 |
0 |
0 |
|a QC21.3
|b .Y68 2020
|
| 082 |
0 |
0 |
|a 530
|2 23
|
| 100 |
1 |
|
|a Young, Hugh D.,
|e author.
|9 57345
|
| 245 |
1 |
0 |
|a Sears and Zemansky's university physics with modern physics /
|c Hugh D. Young, Roger A. Freedman ; contributing author, A. Lewis Ford.
|
| 246 |
1 |
|
|a University physics with modern physics
|
| 250 |
|
|
|a Fifteenth edition.
|
| 260 |
|
|
|a India :
|b Pearson,
|c c2022 [fifth impression 2025].
|
| 300 |
|
|
|a 1552 pages :
|b illustrations ;
|c 28 cm
|
| 504 |
|
|
|a Includes bibliographical references and index.
|
| 505 |
0 |
|
|a Mechanics. Units, physical quantities, and vectors -- Motion along a straight line -- Motion in two or three dimensions -- Newton's laws of motion -- Applying Newton's laws -- Work and kinetic energy -- Potential energy and energy conservation -- Momentum, impulse, and collisions -- Rotation of rigid bodies -- Dynamics of rotational motion -- Equilibrium and elasticity -- Fluid mechanics -- Gravitation -- Periodic motion -- Waves, acoustics. Mechanical waves -- Sound and hearing -- Thermodynamics. Temperature and heat -- Thermal properties of matter -- The first law of thermodynamics -- The second law of thermodynamics.
|
| 505 |
0 |
|
|a Electromagnetism. Electric charge and electric field -- Gauss's law -- Electric potential -- Capacitance and dielectrics -- Current, resistance, and electromotive force -- Direct-current circuits -- Magnetic field and magnetic forces -- Sources of magnetic field -- Electromagnetic induction -- Inductance -- Alternating current -- Electromagnetic waves -- Optics. The nature and propagation of light -- Geometric optics -- Interference -- Diffraction -- Modern physics. Relativity -- Photons : light waves behaving as particles -- Particles behaving as waves -- Quantum mechanics I : wave functions -- Quantum mechanics II : atomic structure -- Molecules and condensed matter -- Nuclear physics -- Particle physics and cosmology.
|
| 526 |
|
|
|a MNS
|x Muhammad Lutfor Rahman,
Assistant Professor
Mathematics and Natural Sciences (MNS)
Course Name : Principles of Physics (PHY 111, PHY 112)
|
| 541 |
|
|
|a Karim International
|e 43869, 43870, 43871, 43872, 43873, 43874, 43875, 43876, 43877, 43878, 43879, 43880, 43881, 43882, 43883, 43884, 43885, 43886, 43887, 43888
|
| 650 |
|
0 |
|a Physics
|v Textbooks.
|
| 650 |
|
0 |
|a Physics
|x Study and teaching (Higher)
|9 57346
|
| 700 |
1 |
|
|a Freedman, Roger A.,
|e author.
|9 57347
|
| 700 |
1 |
|
|a Ford, A. Lewis
|q (Albert Lewis),
|e author.
|9 57348
|
| 700 |
1 |
|
|a Sears, Francis Weston,
|d 1898-1975.
|4 t University physics.
|9 21072
|
| 700 |
1 |
|
|a Zemansky, Mark Waldo,
|d 1900-
|9 57349
|
| 852 |
|
|
|a Ayesha Abed Library
|c General Stacks
|
| 942 |
|
|
|2 ddc
|c BK
|
| 999 |
|
|
|c 47188
|d 47188
|
| 952 |
|
|
|0 0
|1 0
|2 ddc
|4 0
|6 530_000000000000000_YOU
|7 0
|9 77112
|a BRACUL
|b BRACUL
|c GEN
|d 2024-12-24
|e Karim International
|g 2050.00
|l 2
|m 30
|o 530 YOU
|p 3010043873
|r 2026-05-04
|s 2025-09-17
|t 5
|v 2050.00
|w 2024-12-24
|y BK
|x Requisitioned by Muhammad Lutfor Rahman for the course named- "Principles of Physics (PHY 111, PHY 112)".
|
| 952 |
|
|
|0 0
|1 0
|2 ddc
|4 0
|6 530_000000000000000_YOU
|7 0
|9 77113
|a BRACUL
|b BRACUL
|c GEN
|d 2024-12-24
|e Karim International
|g 2050.00
|l 4
|m 3
|o 530 YOU
|p 3010043878
|r 2026-05-21
|s 2026-05-06
|t 10
|v 2050.00
|w 2024-12-24
|y BK
|x Requisitioned by Muhammad Lutfor Rahman for the course named- "Principles of Physics (PHY 111, PHY 112)".
|
| 952 |
|
|
|0 0
|1 0
|2 ddc
|4 0
|6 530_000000000000000_YOU
|7 0
|9 77114
|a BRACUL
|b BRACUL
|c GEN
|d 2024-12-24
|e Karim International
|g 2050.00
|l 1
|m 30
|o 530 YOU
|p 3010043884
|q 2026-01-29
|r 2025-03-22
|s 2025-03-22
|t 16
|v 2050.00
|w 2024-12-24
|y BK
|x Requisitioned by Muhammad Lutfor Rahman for the course named- "Principles of Physics (PHY 111, PHY 112)".
|
| 952 |
|
|
|0 0
|1 0
|2 ddc
|4 0
|6 530_000000000000000_YOU
|7 0
|9 77115
|a BRACUL
|b BRACUL
|c GEN
|d 2024-12-24
|e Karim International
|g 2050.00
|l 6
|m 23
|o 530 YOU
|p 3010043881
|q 2026-06-02
|r 2026-02-05
|s 2026-02-05
|t 13
|v 2050.00
|w 2024-12-24
|y BK
|x Requisitioned by Muhammad Lutfor Rahman for the course named- "Principles of Physics (PHY 111, PHY 112)".
|
| 952 |
|
|
|0 0
|1 0
|2 ddc
|4 0
|6 530_000000000000000_YOU
|7 0
|9 77116
|a BRACUL
|b BRACUL
|c GEN
|d 2024-12-24
|e Karim International
|g 2050.00
|l 3
|m 27
|o 530 YOU
|p 3010043883
|q 2026-06-02
|r 2026-03-28
|s 2026-03-28
|t 15
|v 2050.00
|w 2024-12-24
|y BK
|x Requisitioned by Muhammad Lutfor Rahman for the course named- "Principles of Physics (PHY 111, PHY 112)".
|
| 952 |
|
|
|0 0
|1 0
|2 ddc
|4 0
|6 530_000000000000000_YOU
|7 0
|9 77117
|a BRACUL
|b BRACUL
|c GEN
|d 2024-12-24
|e Karim International
|g 2050.00
|l 0
|o 530 YOU
|p 3010043879
|r 2024-12-24
|t 11
|v 2050.00
|w 2024-12-24
|y BK
|x Requisitioned by Muhammad Lutfor Rahman for the course named- "Principles of Physics (PHY 111, PHY 112)".
|
| 952 |
|
|
|0 0
|1 0
|2 ddc
|4 0
|6 530_000000000000000_YOU
|7 0
|9 77118
|a BRACUL
|b BRACUL
|c GEN
|d 2024-12-24
|e Karim International
|g 2050.00
|l 1
|m 13
|o 530 YOU
|p 3010043876
|r 2025-05-25
|s 2025-02-12
|t 8
|v 2050.00
|w 2024-12-24
|y BK
|x Requisitioned by Muhammad Lutfor Rahman for the course named- "Principles of Physics (PHY 111, PHY 112)".
|
| 952 |
|
|
|0 0
|1 0
|2 ddc
|4 0
|6 530_000000000000000_YOU
|7 0
|9 77119
|a BRACUL
|b BRACUL
|c GEN
|d 2024-12-24
|e Karim International
|g 2050.00
|l 7
|m 19
|o 530 YOU
|p 3010043888
|q 2026-06-02
|r 2025-12-18
|s 2025-12-18
|t 20
|v 2050.00
|w 2024-12-24
|y BK
|x Requisitioned by Muhammad Lutfor Rahman for the course named- "Principles of Physics (PHY 111, PHY 112)".
|
| 952 |
|
|
|0 0
|1 0
|2 ddc
|4 0
|6 530_000000000000000_YOU
|7 0
|9 77120
|a BRACUL
|b BRACUL
|c GEN
|d 2024-12-24
|e Karim International
|g 2050.00
|l 3
|m 12
|o 530 YOU
|p 3010043874
|r 2025-12-18
|s 2025-12-11
|t 6
|v 2050.00
|w 2024-12-24
|y BK
|x Requisitioned by Muhammad Lutfor Rahman for the course named- "Principles of Physics (PHY 111, PHY 112)".
|
| 952 |
|
|
|0 0
|1 0
|2 ddc
|4 0
|6 530_000000000000000_YOU
|7 0
|9 77121
|a BRACUL
|b BRACUL
|c GEN
|d 2024-12-24
|e Karim International
|g 2050.00
|l 1
|o 530 YOU
|p 3010043887
|r 2026-03-02
|s 2026-02-23
|t 19
|v 2050.00
|w 2024-12-24
|y BK
|x Requisitioned by Muhammad Lutfor Rahman for the course named- "Principles of Physics (PHY 111, PHY 112)".
|
| 952 |
|
|
|0 0
|1 0
|2 ddc
|4 0
|6 530_000000000000000_YOU
|7 0
|9 77122
|a BRACUL
|b BRACUL
|c GEN
|d 2024-12-24
|e Karim International
|g 2050.00
|l 5
|m 30
|o 530 YOU
|p 3010043871
|r 2026-01-18
|s 2026-01-11
|t 3
|v 2050.00
|w 2024-12-24
|y BK
|x Requisitioned by Muhammad Lutfor Rahman for the course named- "Principles of Physics (PHY 111, PHY 112)".
|
| 952 |
|
|
|0 0
|1 0
|2 ddc
|4 0
|6 530_000000000000000_YOU
|7 0
|9 77123
|a BRACUL
|b BRACUL
|c GEN
|d 2024-12-24
|e Karim International
|g 2050.00
|l 5
|m 52
|o 530 YOU
|p 3010043877
|q 2026-05-21
|r 2025-11-06
|s 2025-11-06
|t 9
|v 2050.00
|w 2024-12-24
|y BK
|x Requisitioned by Muhammad Lutfor Rahman for the course named- "Principles of Physics (PHY 111, PHY 112)".
|
| 952 |
|
|
|0 0
|1 0
|2 ddc
|4 0
|6 530_000000000000000_YOU
|7 0
|9 77124
|a BRACUL
|b BRACUL
|c CIR
|d 2024-12-24
|e Karim International
|g 2050.00
|l 0
|o 530 YOU
|p 3010043869
|r 2024-12-24
|t 1
|v 2050.00
|w 2024-12-24
|y 1HOUR
|x Requisitioned by Muhammad Lutfor Rahman for the course named- "Principles of Physics (PHY 111, PHY 112)".
|
| 952 |
|
|
|0 0
|1 0
|2 ddc
|4 0
|6 530_000000000000000_YOU
|7 0
|9 77125
|a BRACUL
|b BRACUL
|c GEN
|d 2024-12-24
|e Karim International
|g 2050.00
|l 6
|m 35
|o 530 YOU
|p 3010043886
|r 2026-02-26
|s 2026-02-19
|t 18
|v 2050.00
|w 2024-12-24
|y BK
|x Requisitioned by Muhammad Lutfor Rahman for the course named- "Principles of Physics (PHY 111, PHY 112)".
|
| 952 |
|
|
|0 0
|1 0
|2 ddc
|4 0
|6 530_000000000000000_YOU
|7 0
|9 77126
|a BRACUL
|b BRACUL
|c CIR
|d 2024-12-24
|e Karim International
|g 2050.00
|l 0
|o 530 YOU
|p 3010043870
|r 2024-12-24
|t 2
|v 2050.00
|w 2024-12-24
|y 1HOUR
|x Requisitioned by Muhammad Lutfor Rahman for the course named- "Principles of Physics (PHY 111, PHY 112)".
|
| 952 |
|
|
|0 0
|1 0
|2 ddc
|4 0
|6 530_000000000000000_YOU
|7 0
|9 77127
|a BRACUL
|b BRACUL
|c GEN
|d 2024-12-24
|e Karim International
|g 2050.00
|l 2
|o 530 YOU
|p 3010043880
|r 2025-11-30
|s 2025-11-23
|t 12
|v 2050.00
|w 2024-12-24
|y BK
|x Requisitioned by Muhammad Lutfor Rahman for the course named- "Principles of Physics (PHY 111, PHY 112)".
|
| 952 |
|
|
|0 0
|1 0
|2 ddc
|4 0
|6 530_000000000000000_YOU
|7 0
|9 77128
|a BRACUL
|b BRACUL
|c GEN
|d 2024-12-24
|e Karim International
|g 2050.00
|l 0
|o 530 YOU
|p 3010043875
|r 2024-12-24
|t 7
|v 2050.00
|w 2024-12-24
|y BK
|x Requisitioned by Muhammad Lutfor Rahman for the course named- "Principles of Physics (PHY 111, PHY 112)".
|
| 952 |
|
|
|0 0
|1 0
|2 ddc
|4 0
|6 530_000000000000000_YOU
|7 0
|9 77129
|a BRACUL
|b BRACUL
|c GEN
|d 2024-12-24
|e Karim International
|g 2050.00
|l 7
|m 8
|o 530 YOU
|p 3010043885
|r 2026-01-15
|s 2026-01-05
|t 17
|v 2050.00
|w 2024-12-24
|y BK
|x Requisitioned by Muhammad Lutfor Rahman for the course named- "Principles of Physics (PHY 111, PHY 112)".
|
| 952 |
|
|
|0 0
|1 0
|2 ddc
|4 0
|6 530_000000000000000_YOU
|7 0
|9 77130
|a BRACUL
|b BRACUL
|c GEN
|d 2024-12-24
|e Karim International
|g 2050.00
|l 4
|m 12
|o 530 YOU
|p 3010043882
|r 2026-05-17
|s 2026-04-11
|t 14
|v 2050.00
|w 2024-12-24
|y BK
|x Requisitioned by Muhammad Lutfor Rahman for the course named- "Principles of Physics (PHY 111, PHY 112)".
|
| 952 |
|
|
|0 0
|1 0
|2 ddc
|4 0
|6 530_000000000000000_YOU
|7 0
|9 77131
|a BRACUL
|b BRACUL
|c GEN
|d 2024-12-24
|e Karim International
|g 2050.00
|l 0
|o 530 YOU
|p 3010043872
|r 2024-12-24
|t 4
|v 2050.00
|w 2024-12-24
|y BK
|x Requisitioned by Muhammad Lutfor Rahman for the course named- "Principles of Physics (PHY 111, PHY 112)".
|